Obchodná technológia - technologické aspekty v obchodných procesoch
Gespeichert in:
| 1. Verfasser: | |
|---|---|
| Weitere Verfasser: | , , , , |
| Format: | Buch |
| Sprache: | Slowakisch |
| Veröffentlicht: |
Bratislava
Slovenské pedagogické nakladateľstvo
1991
|
| Ausgabe: | 1. vyd. |
| Schlagworte: | |
| Tags: |
Keine Tags, Fügen Sie das erste Tag hinzu!
|
MARC
| LEADER | 00000nam a2200000 4500 | ||
|---|---|---|---|
| 001 | c000974 | ||
| 005 | 20221214094403.1 | ||
| 020 | |a 80-08-00364-2 | ||
| 041 | 0 | |a slo | |
| 044 | |a SK | ||
| 245 | 1 | 0 | |a Obchodná technológia - technologické aspekty v obchodných procesoch |c Bartolomej Slobodník, Kristína Viestová, Mikuláš Andris |
| 250 | |a 1. vyd. | ||
| 264 | 1 | |a Bratislava |b Slovenské pedagogické nakladateľstvo |c 1991 | |
| 300 | |a 271 s. | ||
| 610 | 2 | 0 | |a obchod |
| 610 | 2 | 0 | |a technológia |
| 610 | 2 | 0 | |a služby obchodno-technické |
| 610 | 2 | 0 | |a tovar |
| 610 | 2 | 0 | |a veľkoobchod |
| 610 | 2 | 0 | |a sklady obchodné |
| 610 | 2 | 0 | |a maloobchod |
| 610 | 2 | 0 | |a doprava |
| 610 | 2 | 0 | |a predaj |
| 610 | 2 | 0 | |a obaly |
| 610 | 2 | 0 | |a logistika |
| 610 | 2 | 0 | |a základňa materiálno-výrobná |
| 100 | 1 | |a Slobodník, Bartolomej | |
| 700 | 1 | |a Viestová, Kristína | |
| 700 | 1 | |a Andris, Mikuláš | |
| 700 | 1 | |a Štensová, Antónia | |
| 700 | 1 | |a Čimo, Jozef | |
| 700 | 1 | |a Hadravová, Zdena | |